LIBRARY & INFORMATION CENTRE, KCAET, TAVANUR

ONLINE PUBLIC ACCESS CATALOGUE (OPAC)

Fundamentals of statistics / (Record no. 9989)

MARC details
000 -LEADER
fixed length control field 00492cam a2200193ua 4500
020 ## - INTERNATIONAL STANDARD BOOK NUMBER
ISBN 0-408-70676-7
041 ## - LANGUAGE CODE
Language code of text/sound track or separate title eng
082 ## - DEWEY DECIMAL CLASSIFICATION NUMBER
Classification number 519.5
Item number MUL/FU
100 ## - MAIN ENTRY--AUTHOR NAME
Personal name Mulholland, H .
245 ## - TITLE STATEMENT
Title Fundamentals of statistics /
250 ## - EDITION STATEMENT
Edition statement 1 /
260 ## - PUBLICATION, DISTRIBUTION, ETC. (IMPRINT)
Place of publication London :
Name of publisher English Language Book Society ,
Year of publication 1983.
300 ## - PHYSICAL DESCRIPTION
Number of Pages 291 ; .
700 1# - ADDED ENTRY--PERSONAL NAME
Personal name Jones, C R .
942 ## - ADDED ENTRY ELEMENTS (KOHA)
Koha item type Books
Holdings
Withdrawn status Lost status Damaged status Home library Current library Date acquired Full call number Accession Number Koha item type
      KAUAET KAUAET 08/09/1986 519.5 MUL/FU 15742 Books
free website counter